Most WWE Royal Rumble Appearances - Statistics

General Stats
  • This quiz has been taken 93 times
  • The average score is 17 of 34
Answer Stats
Hint Answer % Correct
20 Kane
94%
11 The Undertaker
93%
8 John Cena
92%
14 Randy Orton
92%
9 Triple H
92%
9 Big E
85%
12 Shawn Michaels
85%
15 Kofi Kingston
83%
13 The Miz
78%
11 Chris Jericho
76%
8 Edge
76%
13 Rey Mysterio
74%
12 Big Show
72%
15 Dolph Ziggler
64%
13 Goldust
64%
9 Sheamus
58%
7 Owen Hart
57%
8 Cody Rhodes
54%
8 Matt Hardy
47%
10 Mark Henry
42%
8 R-Truth
39%
8 Booker T
35%
11 Shelton Benjamin
24%
7 Cesaro
21%
8 John Morrison
21%
10 Rikishi
21%
9 The Great Khali
21%
9 Viscera
21%
7 Billy Gunn
14%
7 Bob Holly
14%
7 Jake Roberts
14%
8 The Godfather
8%
7 Rick Martel
6%
7 Baron Corbin
3%
No matching quizzes found
Score Distribution
Percent of People with Each Score
Percentile by Number Answered
Your Score History
You have not taken this quiz